000 nam a22 7a 4500
999 _c233088
_d233088
003 Nust
005 20170302095226.0
008 170302b xxu||||| |||| 00| 0 eng d
040 _cDLC
082 _a891.4397 BUT
245 _aمجموعَہ ڈاکٹر محمد یونس بٹ
_cبٹ ،ڈاکٹر محمد یونس
260 _aLahore :
_c2008
300 _a872p. :
_c25cm
942 _2ddc
_cBK